000 00855nam a2200229 a 4500
001 000041813
005 20201002035753.0
008 131018s2006 dr r 000 p spa d
020 _a999346225x
040 _aDO-SdBNP
_bspa
_cBNPHU
082 _aRD861.44
_bD542a
100 1 _aDíaz, Ángel,
_d1969-
_968687
245 1 0 _aAdelaide y otras canciones. /
_cÁngel Díaz; prólogo, Willy Suriel.
260 _aSanto Domingo :
_bUniversitaria,
_c2006.
300 _a92 p. ;
_c21 cm.
490 1 _aPublicaciones de la Universidad Autónoma de Santo Domingo
_v1261
500 _aIncluye datos biografícos del autor en la solapa de la cubierta
590 _aInventariado, 2018/BT
700 1 2 _aSuriel, Willy,
_eprol.
_968688
830 0 _aPublicaciones de la Universidad Autónoma de Santo Domingo
_n1261
_968689
910 _aValidado. Control de calidad. MFF
999 _c41302
_d41302